Eastern Utah Libraries Catalog: Duchesne, Heber, Roosevelt, & Vernal

Bee : (Record no. 411072)

MARC details
000 -LEADER
fixed length control field 01316aam a2200361 i 4500
001 - CONTROL NUMBER
control field 1377727908
003 - CONTROL NUMBER IDENTIFIER
control field OCoLC
005 - DATE AND TIME OF LATEST TRANSACTION
control field 20250822174932.0
008 - FIXED-LENGTH DATA ELEMENTS--GENERAL INFORMATION
fixed length control field 230428s2016 nyua a 000 0 eng d
020 ## - INTERNATIONAL STANDARD BOOK NUMBER
International Standard Book Number 9780593648896
Qualifying information (board book)
020 ## - INTERNATIONAL STANDARD BOOK NUMBER
International Standard Book Number 0593648897
Qualifying information (board book)
035 ## - SYSTEM CONTROL NUMBER
System control number (OCoLC)1377727908
040 ## - CATALOGING SOURCE
Original cataloging agency NjBwBT
Language of cataloging eng
Description conventions rda
Transcribing agency FMG
Modifying agency FMG
-- OCLCQ
-- SDG
-- TnLvILS
050 #4 - LIBRARY OF CONGRESS CALL NUMBER
Classification number QL565.2
Item number .H44 2023
082 04 - DEWEY DECIMAL CLASSIFICATION NUMBER
Classification number 595.79/9
Edition number 23
092 ## - LOCALLY ASSIGNED DEWEY CALL NUMBER (OCLC)
Classification number children board book
Item number Teckentrup
100 1# - MAIN ENTRY--PERSONAL NAME
Personal name Hegarty, Patricia,
Relator term author.
9 (RLIN) 5813973
245 10 - TITLE STATEMENT
Title Bee :
Remainder of title a peek-through picture book /
Statement of responsibility, etc text by Patricia Hegarty ; illustrations by Britta Teckentrup.
250 ## - EDITION STATEMENT
Edition statement First American board book edition.
264 #1 - Production, Publication, Distribution, Manufacture, and Copyright Notice.
Place of production, publication, distribution, manufacture New York :
Name of producer, publisher, distributor, manufacturer Doubleday,
Date of production, publication, distribution, manufacture, or copyr [2016]
300 ## - PHYSICAL DESCRIPTION
Extent 1 volume (unpaged) :
Other physical details color illustrations ;
Dimensions 19 cm.
336 ## - Content Type
Content type term text
337 ## - Media type
Media type term unmediated
338 ## - Carrier type
Carrier type term volume
500 ## - GENERAL NOTE
General note Cover title.
500 ## - GENERAL NOTE
General note On board pages.
520 ## - SUMMARY, ETC.
Summary, etc Rhyming text invites readers to follow along as bees work together to pollinate the environment.
650 #0 - SUBJECT ADDED ENTRY--TOPICAL TERM
Topical term or geographic name as entry element Bees
Form subdivision Juvenile literature.
9 (RLIN) 5693181
655 #7 - INDEX TERM--GENRE/FORM
Genre/form data or focus term Picture books.
Source of term lcgft
655 #7 - INDEX TERM--GENRE/FORM
Genre/form data or focus term Board books.
Source of term lcgft
700 1# - ADDED ENTRY--PERSONAL NAME
Personal name Teckentrup, Britta,
Relator term illustrator.
9 (RLIN) 5796174
942 ## - ADDED ENTRY ELEMENTS (KOHA)
Source of classification or shelving scheme Dewey Decimal Classification
Koha item type BOOK
Holdings
Withdrawn status Lost status Source of classification or shelving scheme Damaged status Not for loan Collection code Home library Current library Shelving location Date acquired Source of acquisition Total Checkouts Total Renewals Full call number Barcode Checked out Date last seen Date checked out Cost, replacement price Price effective from Koha item type
    Dewey Decimal Classification     Children Board Books Wasatch County Library Wasatch County Library Main Floor Childrens Area 08/22/2025 Penworthy 4 3 BB Teckentrup 34301002165225 04/08/2026 02/09/2026 02/09/2026 9.99 08/22/2025 BOOK
This project was made possible through a grant from the Institute of Museum and Library Service administered by the Utah State Library Division.

Wasatch County Library

  • 465 East 1200 South, Heber City, Utah 84032
  • Phone 435-654-1511 | Fax 435-654-6456

Hours

  • Monday - Friday 9:30 AM - 8:00 PM
  • Saturday 9:30 AM - 1:30 PM
  • Closed Sundays and Holidays